<?xml version="1.0" encoding="UTF-8"?>
<collection xmlns="http://www.loc.gov/MARC21/slim">
 <record>
  <leader>01793nam a2200217Ia 4500</leader>
  <controlfield tag="001">CTU_180939</controlfield>
  <controlfield tag="008">210402s9999    xx            000 0 und d</controlfield>
  <datafield tag="020" ind1=" " ind2=" ">
   <subfield code="c">98000</subfield>
  </datafield>
  <datafield tag="082" ind1=" " ind2=" ">
   <subfield code="a">894</subfield>
  </datafield>
  <datafield tag="082" ind1=" " ind2=" ">
   <subfield code="b">S218</subfield>
  </datafield>
  <datafield tag="100" ind1=" " ind2=" ">
   <subfield code="a">Sándor, Márai</subfield>
  </datafield>
  <datafield tag="245" ind1=" " ind2="0">
   <subfield code="a">Lời bộc bạch của một thị dân =</subfield>
  </datafield>
  <datafield tag="245" ind1=" " ind2="0">
   <subfield code="b">Egy polgár vallomásai</subfield>
  </datafield>
  <datafield tag="245" ind1=" " ind2="0">
   <subfield code="c">Márai Sándor ; Giáp Văn Chung ( dịch )</subfield>
  </datafield>
  <datafield tag="260" ind1=" " ind2=" ">
   <subfield code="a">Hà Nội</subfield>
  </datafield>
  <datafield tag="260" ind1=" " ind2=" ">
   <subfield code="b">Văn học,Công ty văn hóa và truyền thông Nhã Nam</subfield>
  </datafield>
  <datafield tag="260" ind1=" " ind2=" ">
   <subfield code="c">2012</subfield>
  </datafield>
  <datafield tag="520" ind1=" " ind2=" ">
   <subfield code="a">Đây là cuốn tiểu thuyết về thế giới thị dân, nhưng cũng là tiểu thuyết gia đình. Nó là khúc tưởng niệm về một gia đình, gia đình nhà văn, và cũng là về giai tầng xã hội của gia đình ông. Nhưng đồng thời nó là tấm gương của sự trăn trở sâu sắc ở nhà văn để biến cải quá khứ và truyền thống gia đình theo “hình ảnh” của riêng mình. Vì thế nó cũng là một tiểu thuyết tâm lý, vì nó cho cảm nhận một cách trung thực quá trình đau đớn vật vã để đi tìm bản ngã, những cột mốc của sự khổ ải tâm hồn có vẻ như không thể giải thích nổi liên quan tới quá trình này. Nó cũng là sự thay đổi nội tâm liên quan tới sự tách rời khỏi gia đình, tới sự nổi loạn, sự phát triển cá tính.</subfield>
  </datafield>
  <datafield tag="650" ind1=" " ind2=" ">
   <subfield code="a">Hungarian fiction,Tiểu thuyết Hungary</subfield>
  </datafield>
  <datafield tag="904" ind1=" " ind2=" ">
   <subfield code="i">Thanh Khuyên, Quỳnh Thơ</subfield>
  </datafield>
  <datafield tag="980" ind1=" " ind2=" ">
   <subfield code="a">Trung tâm Học liệu Trường Đại học Cần Thơ</subfield>
  </datafield>
 </record>
</collection>
